000 00795nam a22002297a 4500
999 _c14944
_d14944
003 AR-CdUCM
008 190425b ||||| |||| 00| 0 spa d
020 _a978-968-16-6424-4
040 _aMUNICIPALIDAD PROVINCIAL DEL CUSCO
_cBIBLIOTECA MUNICIPAL DEL CUSCO
082 _aPI / 808.06 /
_bL39
100 _aLegnazzi, Claudia
_933927
245 _aYo tengo una casa /
260 _aMéxico, D.F :
_bFondo de Cultura Económica,
_c2001.
300 _a32 páginas ;
_bilustraciones,
_c18 cm.
440 _aLos especiales de "A la orilla del viento".
_933315
650 _aLibros ilustrados para niños
_922257
650 _aAprendizaje infantil
_933271
650 _aNarrativa ilustrada
_933928
700 _aGoldin, Daniel (editor)
_933929
942 _2ddc
_cLIBROS
945 _aachl
_d2019-04-25